000 00680nam a2200217Ii 4500
003 JO-AjNU
008 230605s9999||||xx |||||||||||||| ||und||
017 _a2006/5/1244
040 _aJO-AjNU
_bara
_erda
_cJO-AjNU
041 _aara
050 1 4 _aPJ6111.M386 2013
100 3 _aمغالسة، محمود حسني,
_eauthor
_943303
245 0 0 _aالنحو الشافي الشامل
250 _aط3
264 3 1 _aعمان: دار المسيرة للنشر والتوزيع، 2013
300 _a719ص
336 _atext
_btxt
_2rdacontent
337 _aunmediated
_bn
_2rdamedia
338 _avolume
_bnc
_2rdacarrier
650 4 _aاللغة العربية - نحو
_943304
999 _aA18607
_c22175
_d22175